Role Replacement Quiz Stats

 Plays Quiz Updated Nov 13, 2017

Also try: TV Name Swap II
Challenge
Share
Tweet
Embed
Score 0/30 Timer 07:00
0 Plays Today
Original Role TV Show % Correct
Fox MulderThe X-Files
78%
Luke DukeThe Dukes of Hazzard
66.4%
Ernie PantusoCheers
65.9%
Chrissy SnowThree's Company
64.3%
Gil GrissomCSI
61.6%
Brenda WalshBeverly Hills 90210
59.2%
Doug RossER
56.3%
Charlie HarperTwo and a Half Men
55.4%
Henry BlakeM*A*S*H
54.7%
Suzanne SugarbakerDesigning Women
50.4%
Nikki ColemanSaved by the Bell
50.1%
Arnold TakahashiHappy Days
49.9%
Edna GarrettThe Facts of Life
49.6%
Lennie BriscoeLaw & Order
47%
Gloria StivicAll in the Family
44.6%
Original Role TV Show % Correct
Pru HalliwellCharmed
40.9%
Valerie HoganThe Hogan Family
39.4%
Steve RhoadesMarried... with Children
35.3%
Beverly CrusherStar Trek: TNG
33.2%
John KellyNYPD Blue
33.1%
Miles SilverbergMurphy Brown
31.9%
Kate ToddNCIS
30.4%
Sabrina DuncanCharlie's Angels
30.3%
David Palmer24
27.6%
Preston BurkeGrey's Anatomy
24.7%
Shauni McClainBaywatch
23.8%
Sam SeabornThe West Wing
23.6%
Mike FlahertySpin City
22.3%
Sharona FlemingMonk
19.7%
Rose TylerDoctor Who
14.1%

You're not logged in!

Compare scores with friends on all Sporcle quizzes.
OR
Log In

You Might Also Like...

Show Comments

Extras

Top Quizzes Today


Score Distribution

Your Account Isn't Verified!

In order to create a playlist on Sporcle, you need to verify the email address you used during registration. Go to your Sporcle Settings to finish the process.

Report this User

Report this user for behavior that violates our Community Guidelines.

Details: